| 000 | 01527nam0a2200373 4500 | ||
|---|---|---|---|
| 001 | RU\NLR\bibl\1841235 | ||
| 005 | 20250616172110.0 | ||
| 010 |
_a978-5-91657-241-4 _93000 |
||
| 021 |
_aRU _b2011-88803 _96343 |
||
| 021 |
_aRU _b2012-20259 _91533 |
||
| 035 | _a(nilc)RSL-KNO-005076707 | ||
| 035 | _a(NLR Aleph) 001831695 | ||
| 090 |
_a2147840 _c2147840 |
||
| 100 | _a20111114d2012 |||y0rusy50 ca | ||
| 101 | 1 |
_arus _ceng |
|
| 102 | _aRU | ||
| 105 | _aa ||||||||| | ||
| 200 | 1 |
_aSlide:ology _eискусство создания выдающихся презентаций _fНэнси Дуарте _gпер. с англ. Е. Смирновой |
|
| 210 |
_aМосква _cМанн, Иванов и Фербер _d2012 |
||
| 215 |
_a283 с. _cцв. ил. _d23 |
||
| 320 | _aБиблиогр.: с. 282-283 | ||
| 454 | 0 |
_12001#$aSlide:ology _1700#1$aDuarte$bN.$gNancy$4070 _tSlide:ology _aDuarte, Nancy |
|
| 455 | 1 |
_12000#$aSlide$eology. The art and science of creating great presentations _1210##$aBeijing etc.$d2008 _1700#0$aDuarte, Nancy _tSlide _aDuarte, Nancy |
|
| 517 | 0 | _aИскусство создания выдающихся презентаций | |
| 606 | 1 |
_aПрезентации _xОформление _92136887 _3RU\NLR\auth\661592811 |
|
| 686 |
_aЧ721,6(2)23я6 _2rubbk |
||
| 686 | _aЩ127.45 | ||
| 700 | 1 |
_aДуарте _bН. _gНэнси _4070 |
|
| 801 | 0 |
_aRU _bRuMoRKP _c20111114 _grcr |
|
| 801 | 1 |
_aRU _bРГБ _c20111114 |
|
| 801 | 2 |
_aRU _bNLR _c20111130 _grcr |
|
| 942 | _cBOOK | ||
| 980 | _aNB | ||